000 00408nam a22001817a 4500
003 OSt
005 20211112093407.0
008 211112b |||||||| |||| 00| 0 eng d
020 _a0130149942
040 _cHU
082 _a306.7/KIN
100 _aBRUCE M. KING
_918016
245 _aHUMAN SEXUALITY TODAY
250 _a2ND
260 _aAMERICA
_bHALL
_c1996
300 _a477P
942 _2ddc
_cBOOKS
_n0
999 _c17848
_d17848